Ako predať výrobok zákazníkovi
Obsahové vymedzenie techniky predaja. Komunikačný mix. Prezentácia výrobkov. Techniky obchodného vyjednávania.
Enregistré dans:
| Auteur principal: | |
|---|---|
| Format: | Chapitre de livre |
| Langue: | slovaque |
| Sujets: | |
| Tags: |
Pas de tags, Soyez le premier à ajouter un tag!
|
MARC
| LEADER | 00000naa a2200000 4500 | ||
|---|---|---|---|
| 001 | r045910 | ||
| 005 | 20230920074743.3 | ||
| 041 | 0 | |a slo | |
| 044 | |a SK | ||
| 245 | 1 | 0 | |a Ako predať výrobok zákazníkovi |c Ivan Polakovič |
| 520 | |a Obsahové vymedzenie techniky predaja. Komunikačný mix. Prezentácia výrobkov. Techniky obchodného vyjednávania. | ||
| 610 | 2 | 0 | |a marketing |
| 610 | 2 | 0 | |a marketing mix |
| 610 | 2 | 0 | |a komunikácia |
| 610 | 2 | 0 | |a technika obchodná |
| 610 | 2 | 0 | |a technika predaja |
| 610 | 2 | 0 | |a zákazníci |
| 610 | 2 | 0 | |a predajcovia |
| 100 | 1 | |a Polakovič, Ivan | |